Concrete:a homeowner's illustrated guide

Bibliographic Details
Main Author: Jacobs, David H. Jr
Format: Book
Published: Blue Ridge Summit : TAB Books , 1992
Subjects:

MARC

LEADER 00000cam a2200000 7i4500
001 0000001942
002 000002109
005 20100610.0
020 |a 0830639136 
090 0 0 |a 693.5   |b JAC 
100 1 |a Jacobs, David H. Jr 
245 1 0 |a Concrete:a homeowner's illustrated guide   |c David H. Jacobs Jr 
260 |a Blue Ridge Summit :   |b TAB Books ,   |c 1992 
300 |a 179p. :   |b ill. ;   |c 24cm. 
650 0 0 |a Concrete construction   |x Amateurs' manuals 
999 |a 028042   |b BUKU   |c PINJAMAN   |e PERPUSTAKAAN KOMUNITI PETALING JAYA